| 000 | 00995nam a22003137a 4500 | ||
|---|---|---|---|
| 003 | CHAP | ||
| 005 | 20220329133943.0 | ||
| 008 | 971013s1979 r 00010 d | ||
| 010 | _a13182 | ||
| 011 | _a14154 | ||
| 035 | _a18227 | ||
| 040 | _cCHAP | ||
| 082 |
_a630.97291 _bG3 |
||
| 100 | 0 | 0 |
_aGarcía Rodríguez, Ismael. _946529 |
| 245 | _aMemorias viaje de estudio sociológico y agropecuario a la República de Cuba | ||
| 260 |
_aChapingo, Méx. : _bUACH, _c1979 |
||
| 300 | _a46 h. | ||
| 590 |
_aBATCH-UPD _b10 _c20130110 _lUCH01 _h0205 |
||
| 590 |
_aBATCH-UPD _b10 _c20130110 _lUCH01 _h2211 |
||
| 590 |
_aBATCH-UPD _b10 _c20130410 _lUCH01 _h1513 |
||
| 590 |
_aBATCH-UPD _b10 _c20130913 _lUCH01 _h2049 |
||
| 590 |
_aCONVERSION _b10 _c20130109 _lUCH01 _h1309 |
||
| 650 | 1 | 4 |
_aAgricultura _xCuba. _91390 |
| 650 | 1 | 4 |
_aCuba _xCondiciones sociales. _929948 |
| 650 | 1 | 4 |
_aGanadería _xCuba. _944681 |
| 901 | _aBK | ||
| 942 | _cLIBRO | ||
| 949 |
_a630.97291 G3 _bBC _cUACH _d-42572 _eUACH _h63418 _i18227 _si |
||
| 999 |
_c13182 _d13182 |
||